Optimalizácia parametrov laserovho spájkovania pozinkovaných plechov automobilovej karosérie : Dizertačná práca

Salvato in:
Dettagli Bibliografici
Autore principale: Matysová, Marianna (Autore)
Altri autori: Sejč, Pavol, 1964- (Relatore della tesi)
Natura: Libro
Lingua:slovacco
Pubblicazione: Bratislava : STU v Bratislave SjF, 2010
Soggetti:
Tags: Aggiungi Tag
Nessun Tag, puoi essere il primo ad aggiungerne!!

MARC

LEADER 00000nam a22000003a 4500
001 stu222058
005 20150617230127.8
008 110303s2010------------------------slo-d
040 |a STU  |b slo 
041 0 |a slo 
080 |a 621.7 
100 1 |a Matysová, Marianna  |4 aut  |u J280  |9 100  |U SjF Ústav technológií a materiálov  |T SjF Katedra materiálov a technológií  |U J280  |Y 52 
245 1 |a Optimalizácia parametrov laserovho spájkovania pozinkovaných plechov automobilovej karosérie :  |b Dizertačná práca 
260 |a Bratislava :  |b STU v Bratislave SjF,  |c 2010 
300 |a 99 s 
650 7 |a pozinkovaný plech  |2 stusub 
650 7 |a laserové spájkovanie  |2 stusub 
650 7 |a zinc-coated steel sheets  |2 estusub 
650 7 |a laser brazing  |2 estusub 
700 1 |a Sejč, Pavol,  |d 1964-  |4 ths  |u J280  |U SjF Ústav technológií a materiálov  |T SjF Katedra materiálov a technológií  |X 2300  |U J280  |Y 52  |7 A000002300 
996 |b 284J038685  |c J*113804  |l JJST  |s P  |a 0  |w stu222058_0001